Ranking Cities - Statistics

General Stats
  • This quiz has been taken 78 times
  • The average score is 50 of 60
Answer Stats
Hint Answer % Correct
1 USA New York
99%
30 ITALY Rome
99%
4 JAPAN Tokyo
99%
17 GERMANY Berlin
97%
2 UK London
97%
6 USA Los Angeles
97%
3 FRANCE Paris
97%
23 NETHERLANDS Amsterdam
96%
8 USA Chicago
96%
14 SPAIN Madrid
96%
16 AUSTRALIA Sydney
96%
12 CHINA Beijing
95%
44 IRELAND Dublin
95%
19 RUSSIA Moscow
95%
27 UAE Dubai
93%
25 MEXICO Mexico City
93%
38 EGYPT Cairo
92%
28 TURKEY Istanbul
92%
9 SKOREA Seoul
92%
24 SWEDEN Stockholm
92%
18 AUSTRIA Vienna
92%
26 SWITZERLAND Zurich
92%
13 BELGIUM Brussels
91%
39 ITALY Milan
91%
35 GERMANY Munich
91%
10 CANADA Toronto
91%
33 ARGENTINA Buenos Aires
89%
11 USA Washington
89%
22 THAILAND Bangkok
88%
36 DENMARK Copenhagen
88%
46 PHILIPINES Manila
88%
31 BRAZIL Sao Paulo
88%
29 USA Boston
86%
15 USA San Francisco
86%
42 ISRAEL Tel Aviv
86%
21 GERMANY Frankfurt
85%
49 INDIA Mumbai
85%
20 CHINA Shanghai
85%
43 COLOMBIA Bogota
84%
32 USA Miami
84%
45 JAPAN Osaka
84%
48 INDONESIA Jakarta
82%
50 SAFRICA Johannesburg
82%
34 TAIWAN Taipei
82%
47 BRAZIL Rio De Janeiro
81%
5 CHINA Hong Kong
80%
40 MALAYSIA Kuala Lumpur
80%
51 VENEZUELA Caracas
77%
53 NIGERIA Lagos
77%
41 INDIA New Delhi
74%
57 PAKISTAN Karachi
69%
7 ASIA Singapore
69%
60 INDIA Kolkata
68%
37 USA Atlanta
66%
55 VIETNAM Ho Chi Minh City
65%
56 BANGLADESH Dhaka
64%
52 CHINA Guangzhou
62%
58 INDIA Bangalore
54%
59 CHINA Chongqing
19%
54 CHINA Shenzhen
12%
No matching quizzes found
Score Distribution
Percent of People with Each Score
Percentile by Number Answered
Your Score History
You have not taken this quiz